00860 a2200181 4500003000500000005001700005040000900022082001400031100002200045245006700067260003000134300001200164505031000176650002800486942002300514999001900537952012200556Nust20221205120445.0 cNust a297.4,SAJ aSajjad.A.K980031 aThe SufibAbandon Not The Path Of Righteousess / cA.K.Sajjad aLahorebModern Bookc1996 a108:p.; aAdvice Of A Noble Mother (Page-1), Teaching Of Worldly Teacher (Page-5), Of Public Servants (Page-18), Of Religion As Education (Page-85), Need For A True Religion Of God (Page-103), The Wheel Of Life (Page-116), The Profession Of A Healer (Page-147), What Is That Which Is Most Sacred To God (Page-168).  aSufism in Islam9104120 2ddccBKk297.4,SAJ c188272d188272 00102ddc4070aMCSbMCScGENd2016-12-12o297.4,SAJpMCS3631r2016-12-08w2016-12-12yBKzAlmirah No.46, Shelf No.6